01690nam a2200265 a 4500001001000000005001700010008004100027041000800068044000700076084002000083100004500103245009500148260004800243300003200291500029600323500010000619500039800719500001101117650005101128650005601179650003401235650004501269700006001314740005001374BRCA_280020190320203956.0081208s1905----sp-a---###---#000-0dspa-u aspa asp a254b.H47c19051 aCervantes Saavedra, Miguel ded1547-161610aEl Ingenioso Hidalgo Don Quijote de la Manchaccompuesto por Miguel de Cervantes Saavedra. aMadridbLos hijos de M.G. Hernándezc1905 acxxvii, 896 p.bil.c29 cm. aContenido : Primera parte. Dedicatoria del autor. Prólogo del autor. Notas al título de la historia. Discurso preliminar. Vida de Cervantes. Documentos que acreditan algunos sucesos de la misma. Versos preliminares. Texto. Segunda parte. Dedicatoria del autor. Prólogo del autor. Texto aEdición : Con nuevo análisis y con la vida del autor publicada por D. Juan Antonio Pellicer aReproducción de la edición de Pellicer, Madrid, Gabriel de Sancha, 1797, publicado por el Centro del Ejército y de la Armada, que la dedicó a Miguel de Cervantes Saavedra, en el tercer centenario de la publicación del inmortal Quijote, como reza la anteportada. Bien impresa, portada a dos colores, rojo y negro. Tela; cubierta decorada con motivos bélicos dorados Lúdovik Osterc aQM113314aNovela españolayÉpoca clásica, 1500-70014aLiteratura españolayÉpoca clásica, 1500-170014aNovela españolaySiglo XVII14aDon Quijote (Personaje ficticio)eNovela1 aPellicer y Pilares, Juan Antoniod1738-1806eBiógrafo0 aEl Ingenioso Hidalgo Don Quijote de la Mancha